Normal view
MARC view
- TEXTBOOK-MTS. MASTERING AUTOCAD 2015 AND AUTOCAD LT 2015
Entry Topical Term
001 - CONTROL NUMBER
- control field: 60310
003 - CONTROL NUMBER IDENTIFIER
- control field: NUST
005 - DATE AND TIME OF LATEST TRANSACTION
- control field: 20210628202523.0
008 - FIXED-LENGTH DATA ELEMENTS
- fixed length control field: 210628|| aca||aabn | a|a d
040 ## - CATALOGING SOURCE
- Original cataloging agency: NUST
- Transcribing agency: NUST
150 ## - HEADING--TOPICAL TERM
- Topical term or geographic name entry element: TEXTBOOK-MTS. MASTERING AUTOCAD 2015 AND AUTOCAD LT 2015
670 ## - SOURCE DATA FOUND
- Source citation: Work cat.: (NUST): Benton, brian ,omura, george 60309, Mastering autocad 2015 and autocad lt 2015, 2015
